000 00600nam a2200217Ii 4500
001 8486
003 CO-ViMGA
008 241108s9999||||xx |||||||||||||| ||und||
020 _a9589074715
040 _aCO-ViMGA
_bspa
_erda
_cCO-ViMGA
041 0 _aspa
082 0 4 _a398.098614 M379m
100 1 _aMiguel Angel Martín
_950591
245 1 0 _aMarcolino carajón
264 1 _aBogotá, Colombia : Ecoe, 1998
300 _avolumen
336 _atext
_btxt
_2rdacontent
337 _aunmediated
_bn
_2rdamedia
338 _avolume
_bnc
_2rdacarrier
940 _aidficha_siabuc: 8291. -- ficha_no_siabuc:8486
999 _c45276
_d45276